| 000 | 02075nam0a2200397 4500 | ||
|---|---|---|---|
| 001 | RU\NLR\bibl\1068009 | ||
| 005 | 20250615042459.0 | ||
| 010 |
_a5-88131-510-3 _9250 |
||
| 021 |
_aRU _b2007-10809 _9578 |
||
| 035 | _a(nilc)RSL-KNO-003048551 | ||
| 035 | _a(NLR Aleph) 001055257 | ||
| 090 |
_a904092 _c904092 |
||
| 100 | _a20070301d2006 |||y0rusy50 ca | ||
| 101 | 0 | _arus | |
| 102 | _aRU | ||
| 105 | _aa ||||||||| | ||
| 106 | _ar | ||
| 200 | 1 |
_aОсновы ультразвуковой диагностики врожденных пороков сердца в практике педиатра _fТ. В. Чернышева, А.А. Плюснин, А.С. Фанин, В.П. Ларионова _gФедеральное агентство по здравоохранению и социальному развитию Российской Федерации, ГОУ ВПО Тюменская гос. мед. акад. |
|
| 210 |
_aТюмень _cВектор Бук _d2006 |
||
| 215 |
_a27 с. _cил., цв. ил. _d20 |
||
| 320 | _aБиблиогр.: с. 27 | ||
| 606 | 1 |
_aПороки сердца врожденные детей _xУльтразвуковая диагностика _92469827 _3RU\NLR\auth\661466991 |
|
| 610 | 0 | _aЗдравоохранение. Медицинские науки -- Педиатрия -- Болезни детей -- Кардиология детского возраста -- Болезни сердца у детей -- Пороки сердца у детей -- Врожденные пороки сердца у детей -- Ультразвуковая диагностика | |
| 686 |
_aР733.410.105.01-433.9,0 _2rubbk |
||
| 686 | _aР733.410.105.01-433.9 | ||
| 701 | 1 |
_aЧернышева _bТ. В. _4070 |
|
| 701 | 1 |
_aПлюснин _bА. В. _4070 |
|
| 701 | 1 |
_aФанин _bА. С. _4070 |
|
| 701 | 1 |
_aЛарионова _bВ. П. _4070 |
|
| 801 | 0 |
_aRU _bРКП _c20070301 _grcr |
|
| 801 | 1 |
_aRU _bРГБ _c20070301 |
|
| 801 | 2 |
_aRU _bNLR _c20070403 _grcr |
|
| 942 | _cBOOK | ||
| 980 | _aNB | ||
| 980 | _aNBR | ||